000 00934cam a2200313 i 4500
001 200465070
003 TR-AnTOB
005 20250814160925.0
007 ta
008 250814s1993 tu 000 0 tur d
020 _a9963793606
040 _aTR-AnTOB
_beng
_erda
_cTR-AnTOB
041 0 _atur
_agre
050 4 _aDS54.9
_b.K5955 1993
090 _aDS54.9
_b.K5955 1993
100 1 _aKızılyürek, Niyazi
_eauthor
_9149760
245 1 0 _aUlus ötesi Kıbrıs /
_cNiyazi Kızılyürek.
264 1 _aLefkoşa :
_bKassulitis,
_c1993.
300 _a78+88 pages ;
_c21 cm
336 _atext
_btxt
_2rdacontent
337 _aunmediated
_bn
_2rdamedia
338 _avolume
_bnc
_2rdacarrier
500 _aThe book is written in Turkish and Greek.
504 _aBIBINDX
651 7 _aKıbrıs
_xTarih
_2etuturkob
_983822
651 7 _aKıbrıs
_xSiyaset ve yönetim
_2etuturkob
_98241
942 _2lcc
_cBK
999 _c200465070
_d83282